| 000 | 00663nam a2200253Ia 4500 | ||
|---|---|---|---|
| 005 | 20250425160648.0 | ||
| 008 | 250425s9999 xx 000 0 und d | ||
| 020 | _a9686356134 | ||
| 041 | _aspa | ||
| 082 | _a620.112 | ||
| 100 | _aPYTEL, ANDREW | ||
| 245 | 0 | _aRESISTENCIA DE MATERIALES: INTRODUCCION A LA MECANICA DE SOLIDOS | |
| 250 | _a4A ED. | ||
| 260 | _aMEXICO | ||
| 260 |
_aMéxico _bHARLA _c1994 |
||
| 300 | _a584 | ||
| 500 | _aTítulo Traducido: STRENGTH OF MATERIALS | ||
| 650 | _aDEFORMACIONES (MECANICA) | ||
| 650 | _aESFUERZO (MECANICA) | ||
| 650 | _aRESISTENCIA DE MATERIALES | ||
| 650 | _aVIGAS | ||
| 942 | _c01 | ||
| 010 | _a1698 | ||
| 999 |
_c193660 _d193660 |
||